Basics of atmospheric science / (Record no. 36394)

MARC details
000 -LEADER
fixed length control field 00884nam a22002537a 4500
005 - DATE AND TIME OF LATEST TRANSACTION
control field 20100531102645.0
008 - FIXED-LENGTH DATA ELEMENTS--GENERAL INFORMATION
fixed length control field 100531t xxu||||| |||| 00| 0 eng d
010 ## - LCCN (DPL NO)
LC control number ENG-96217
020 ## - INTERNATIONAL STANDARD BOOK NUMBER
International Standard Book Number 9788120340220
Terms of availability 375.00
035 ## - SYSTEM CONTROL NUMBER
System control number EN-79750
037 ## - SOURCE OF ACQUISITION
Source of stock number/acquisition DBAD/PUB
040 ## - CATALOGING SOURCE
Original cataloging agency DPL
Language of cataloging Eng
082 ## - DEWEY DECIMAL CLASSIFICATION NUMBER
Classification number 551.5
100 ## - MAIN ENTRY--PERSONAL NAME
Personal name Chandrasekar, A.
9 (RLIN) 16448
245 ## - TITLE STATEMENT
Title Basics of atmospheric science /
Statement of responsibility, etc by A. Chandrasekar
260 ## - PUBLICATION, DISTRIBUTION, ETC. (IMPRINT)
Place of publication, distribution, etc New Delhi
Name of publisher, distributor, etc PHI Learning
Date of publication, distribution, etc 2010
270 ## - ADDRESS
Address M-97, Connaught Circus,
City New Delhi
Postal code 110020
300 ## - PHYSICAL DESCRIPTION
Extent xviii, 446p. :
Dimensions 23 cm (pbk)
Other physical details ill.
500 ## - GENERAL NOTE
General note Includes index
650 ## - SUBJECT ADDED ENTRY--TOPICAL TERM
Topical term or geographic name as entry element Atmosphere
9 (RLIN) 16449
650 ## - SUBJECT ADDED ENTRY--TOPICAL TERM
Topical term or geographic name as entry element Meterology
9 (RLIN) 16450
942 ## - ADDED ENTRY ELEMENTS (KOHA)
Source of classification or shelving scheme Dewey Decimal Classification
Item type English Books
Call number suffix CHA
Classification part 551.5
Holdings
Withdrawn status Lost status Source of classification or shelving scheme Materials specified (bound volume or other part) Damaged status Not for loan Collection code Home library Current library Date acquired Source of acquisition Cost, normal purchase price Total Checkouts Full call number Barcode Date last seen Copy number Cost, replacement price Koha item type
    Dewey Decimal Classification Pbk   Not For Loan Non-fiction D.B.Act.Division D.B.Act.Division 03/05/2010 DBAD/PUB 375.00   551.5 CHA EN-79750 31/05/2010 1 375.00 English Books

© Delhi Public Library
Hit Counter
free hit counter